Analýza, diskusia a možnosti inovovania definícií pojmov: cena, ponuka, dopyt, trh tovar, dovoz, vývoz, monopol

Poznatkové obsahy definovania zvolených pojmov: cena, ponuka, dopyt, trh, tovar, dovoz, vývoz a monopol. Analýza a diskusia o prítomnom definovaní zvolených pojmov. Prístup a možnosti inovácie definícií zvolených pojmov.

Salvato in:
Dettagli Bibliografici
Autore principale: Choluj, Vladimír
Natura: Capitolo di libro
Lingua:slovacco
Soggetti:
Tags: Aggiungi Tag
Nessun Tag, puoi essere il primo ad aggiungerne!!

MARC

LEADER 00000naa$a2200000$$$4500
001 0112719
005 20240502072243.4
041 0 |a slo 
044 |a SK 
245 1 0 |a Analýza, diskusia a možnosti inovovania definícií pojmov: cena, ponuka, dopyt, trh tovar, dovoz, vývoz, monopol  |c Vladimír Choluj 
520 |a Poznatkové obsahy definovania zvolených pojmov: cena, ponuka, dopyt, trh, tovar, dovoz, vývoz a monopol. Analýza a diskusia o prítomnom definovaní zvolených pojmov. Prístup a možnosti inovácie definícií zvolených pojmov. 
610 2 0 |a ekonómia 
610 2 0 |a definície 
610 2 0 |a ceny 
610 2 0 |a ponuka 
610 2 0 |a dopyt 
610 2 0 |a tovar 
610 2 0 |a trh 
610 2 0 |a dovoz 
610 2 0 |a vývoz 
610 2 0 |a monopoly 
100 1 |a Choluj, Vladimír